Quick Pick: Avengers Infinity War Actors Quiz Stats

 Plays Quiz Updated Oct 24, 2018

Score 0/12 Timer 01:00
10 Plays Today
% Correct
Robert Downey Jr.
96.4%
Chris Hemsworth
95.6%
Benedict Cumberbatch
95.1%
Tom Holland
92.1%
Tom Hiddleston
91.9%
Josh Brolin
86%
Elizabeth Olsen
85.8%
Don Cheadle
83.3%
Paul Bettany
80.9%
Benedict Wong
64%
Pom Klementieff
59.4%
Letitia Wright
46.5%

Today's Daily Dose

You're not logged in!

Compare scores with friends on all Sporcle quizzes.
OR
Log In

Show Comments

Extras

Top Quizzes Today


Score Distribution

Your Account Isn't Verified!

In order to create a playlist on Sporcle, you need to verify the email address you used during registration. Go to your Sporcle Settings to finish the process.

Report this User

Report this user for behavior that violates our Community Guidelines.

Details: